Joueurs avec la meilleure note par pays sur FUT21 - Statistiques

Statistiques générales
  • Ce quiz a été pris 134 fois
  • Le résultat moyen est 30 sur 157
Statistiques - réponses
Pays Note Joueur % Correct
Argentine 93 Lionel Messi
93%
France 90 Kylian Mbappe
88%
Portugal 92 Cristiano Ronaldo
85%
Bresil 91 Neymar
84%
Angleterre 88 Harry Kane
81%
Belgique 91 Kevin De Bruyne
81%
Egypte 90 Mohamed Salah
81%
Algerie 85 Riyad Mahrez
76%
Corée du Sud 87 Heung Min Son
74%
Pologne 91 Robert Lewandowski
73%
Sénégal 90 Sadio Mane
73%
Costa Rica 87 Keylor Navas
72%
Croatie 87 Luka Modric
71%
Espagne 89 Sergio Ramos
69%
Uruguay 87 Luis Suarez
68%
Pays de Galles 83 Gareth Bale
64%
Gabon 87 Pierre-Emerick Aubameyang
64%
Canada 81 Alphonso Davies
63%
Pays-Bas 90 Virgil Van Dijk
63%
Chili 83 Arturo Vidal
62%
Autriche 84 David Alaba
62%
Suède 83 Zlatan Ibrahimovic
62%
Danemark 85 Christian Eriksen
60%
Ecosse 87 Andrew Robertson
59%
Italie 87 Ciro Immobile
59%
Norvège 84 Erling Haaland
59%
Bosnie-Herzegovine 85 Miralem Pjanic
59%
Slovénie 91 Jan Oblak
58%
Etats-Unis 81 Christian Pulisic
54%
Suisse 86 Yann Sommer
49%
Maroc 85 Hakim Ziyech
46%
Allemagne 90 Marc-André Ter Stegen
41%
Arménie 80 Henrikh Mkhitaryan
38%
Grèce 83 Kostas Manolas
36%
Serbie 85 Sergej Milinkovic-Savic
36%
Hongrie 85 Peter Gulacsi
35%
Côte d'Ivoire 83 Wilfried Zaha
33%
Cameroun 84 André Onana
31%
Ghana 84 Thomas Partey
31%
Colombie 83 Duvan Zapata
30%
Nigeria 84 Wilfred Ndidi
30%
Jamaique 80 Leon Bailey
27%
Finlande 83 Lukas Hradecky
27%
Mexique 84 Raul Jimenez
25%
Albanie 83 Thomas Strakosha
25%
Israël 81 Eran Zahavi
24%
Japon 78 Hiroki Sakai
23%
Slovaquie 85 Milan Skriniar
22%
Montenegro 81 Stefan Savic
20%
Islande 79 Gylfi Sigurdsson
19%
Guinée 81 Naby Keita
19%
Republique Centrafricaine 79 Geoffrey Kondogbia
17%
Republique Dominicaine 77 Mariano Diaz
16%
Madagascar 75 Jeremy Morel
15%
Australie 80 Mathew Ryan
14%
Russie 82 Mario Fernandes
13%
Kosovo 79 Milot Rashica
13%
Kenya 76 Victor Wanyama
13%
RD Congo 80 Cedric Bakambu
12%
Togo 82 Dakonam Djene
11%
Irlande du Nord 80 Jonny Evans
11%
Vénézuela 81 Josef Martinez
10%
Iran 77 Medhi Taremi
10%
Sierra Leone 73 Kei Kamara
9%
Pérou 79 André Carillo
8%
Burkina Faso 78 Edmond Tapsoba
8%
Ukraine 81 Marlos
8%
Zambie 76 Patson Daka
8%
Turquie 80 Caglar Soyuncu
7%
Nouvelle Zélande 78 Chris Wood
7%
Arabie Saoudite 74 Salem Al Dawsari
7%
Angola 77 Bastos
6%
Macédoine du Nord 79 Enis Bardhi
6%
Irlande 81 Matt Doherty
6%
Republique Tchèque 82 Tomas Vaclik
6%
Mozambique 75 Edson Mexer
5%
Syrie 77 Omar Al Soma
5%
Estonie 74 Ragnar Klavan
5%
Tunisie 77 Ellyes Skhiri
4%
Cap-Vert 77 Jovane Cabral
4%
Tanzanie 76 Mbwana Samatta
4%
Paraguay 78 Miguel Almiron
4%
Mali 79 Moussa Marega
4%
Afrique du Sud 75 Percy Tau
4%
Equateur 79 Pervis Estupinan
4%
Benin 74 Stephane Sessègnon
4%
Honduras 75 Alberth Elis
3%
Congo 75 Brice Samba
3%
Tchad 73 Casimir Ninga
3%
Gambie 74 Omar Colley
3%
Chine 80 Ricardo Goulart
3%
Roumanie 78 Stefan Radu
3%
Grenade 66 Aaron Pierre
2%
HaÏti 68 Carlens Arcus
2%
Trinité et Tobago 73 Joevin Jones
2%
Antigua et Barbuda 71 Mahlon Romeo
2%
Guinée-Bissau 75 Mama Baldé
2%
Andorre 62 Marc Vales
2%
Panama 73 Michael Murillo
2%
Cuba 75 Osvaldo Alonso
2%
Guinée équatoriale 76 Pedro Obiang
2%
Burundi 71 Saido Berahino
2%
Guam 67 A.J DeLaGarza
1%
Bolivie 72 Alejandro Chumacero
1%
Irak 75 Ali Adnan
1%
Ethiopie 65 Amin Askar
1%
Emirats arabes unis 73 Caio
1%
Macao 60 David Cardoso
1%
Curaçao 75 Eloy Room
1%
Barbade 60 Hallan Hope
1%
Erythrée 70 Henok Goitom
1%
Biélorussie 65 Ilya Shkurin
1%
Chypre 74 Konstantinos Laifis
1%
Gibraltar 53 Louie Annesley
1%
Luxembourg 72 Maxime Chanot
1%
Belize 63 Michael Salazar
1%
Bermudes 72 Nahki Wells
1%
Afghanistan 64 Omran Haydary
1%
Guyana 68 Terell Ondaan
1%
Hong Kong 57 Wai-Tsun Dai
1%
Libye 71 Ahmad Benali
0%
Moldavie 75 Alexandru Epureanu
0%
Lituanie 67 Arvydas Novikovas
0%
Kazakhstan 71 Bauyrzhan Islamkhan
0%
Thailande 73 Chanathip Songkrasin
0%
Salvador 69 Darwin Ceren
0%
Azerbaïdjan 68 Dimitrij Nazarov
0%
Taïpei chinois 68 Dingyang Zhou
0%
Rwanda 66 Djihad Bizimana
0%
Indonésie 55 Egy Maulana Vikri
0%
Ouganda 68 Farouk Miya
0%
Comores 73 Fouad Bachirou
0%
Malawi 69 Gabadhino Mhango
0%
Palestine 66 Imad Khalili
0%
Sainte Lucie 64 Janoi Donacien
0%
Liban 66 Joan Oumari
0%
Iles Feroe 68 Joan Simun Edmundsson
0%
Jordanie 64 Jonathan Tamimi
0%
Zimbabwe 76 Khama Billiat
0%
Bulgarie 73 Kiril Despodov
0%
Sao Tomé et Principe 69 Luis Leal
0%
Malte 62 Luke Gambin
0%
Montserrat 70 Lyle Taylor
0%
Mauritanie 69 Moctar El Hacen
0%
Soudan 67 Mo Eisa
0%
Philippines 73 Neil Etheridge
0%
Ouzbekistan 73 Odil Akhmedov
0%
Liberia 73 Oscar Dorley
0%
Lettonie 70 Pavels Steinbors
0%
Saint Christophe et Nievès 73 Romaine Sawyers
0%
Soudan du Sud 60 Ruon Tongyik
0%
Namibie 72 Ryan Nyambe
0%
Géorgie 73 Saba Lobjanidze
0%
Liechtenstein 64 Sandro Wieser
0%
Niger 62 Yacouba Diori
0%
Corée du Nord 60 Yong Gi Ryang
0%
Porto Rico 71 Zarek Valentin
0%
Aucun quiz correspondant
Distribution des résultats
% des personnes avec chaque résultat
Percentile par nombre de réponses
Votre historique - résultats
Vous n’avez pas pris ce quiz